000 02242nam a2200205 4500
999 _c27478
_d27478
020 _a9789390356195
082 _a327.54051
_bSWA-H
100 1 _aSwamy, Subramanian,
_eauthor.
245 1 0 _aHimalayan challenge :
_bIndia, China and the quest for peace /
_cSubramanian Swamy.
250 _aFirst impression.
260 _aNew Delhi:
_bRupa Publications,
_c2020
300 _axv, 240 p.
504 _aIncludes bibliographical references (pages 171-173) and index.
520 _aIn September 1978, at the invitation of the prestigious Chinese People’s Institute of Foreign Affairs, Subramanian Swamy, then a Lok Sabha Member of Parliament of the ruling Janata Party and an elected member of the Party’s National Executive, travelled to China as an envoy of the then Prime Minister, Morarji Desai, where he met senior leader Ji Pengfei. This led to the first contact, since 1962, between the ruling parties of both countries. Later, in April 1981, Swamy, the then deputy leader of the Opposition, was invited to meet China’s Supreme leader, Chairman Deng Xiaoping. In this historic 100-minute meeting, Swamy successfully persuaded Deng to reopen the Kailash Mansarovar route for Hindu pilgrims. In August that year, he also led the first delegation to the holy site, which he revisited as a guest of the Chinese government in June 2016. It is this vast, first-hand experience that Swamy combines with a provocative exploration of historical sources and fascinating new insights to create Himalayan Challenge—the most compelling and definitive account of India–China relations. From uncovering the perfidy committed by the British vis-à-vis the McMahon Line in 1936 and the circumstances leading to the folly of war in 1962, to the current fluid situation at the border, this seminal work effortlessly blends meticulous scholarship and memoir-style writing in an intellectually rich fashion. Swamy breaks new ground when he suggests a middle path—grounded in pragmatism, and not carried out over fear or overreaction—that India must take in her interactions with China.
650 _aMilitary relations
_zIndia
650 _aMilitary relations
_zChina
650 _aDiplomatic relations
650 _aPeace
942 _2ddc
_cBK